[Event "13th Asian Continental 2014"]
[Site "Sharjah UAE"]
[Date "2014.04.20"]
[Round "4.22"]
[White "Muniz Pardino, Alberto"]
[Black "Gundavaa, Bayarsaikhan"]
[Result "0-1"]
[BlackTitle "GM"]
[WhiteElo "2105"]
[BlackElo "2507"]
[WhiteFideId "2229560"]
[BlackFideId "4901045"]
[EventDate "2014.04.17"]

1. e4 c5 2. b3 d6 3. Bb2 Nf6 4. Nc3 Nc6 5. Bb5 Bd7 6. f4 a6 7. Bxc6 Bxc6 8. Qe2
e6 9. Nf3 b5 10. e5 Nd7 11. exd6 Bxd6 12. Ne4 Bxf4 13. Bxg7 Rg8 14. Bb2 Qe7 15.
g3 Bc7 16. O-O-O O-O-O 17. Rhe1 f5 18. Nf2 e5 19. d4 Bxf3 20. Qxf3 e4 21. Qe2
cxd4 22. Bxd4 Ne5 23. Nxe4 Rxd4 24. Rxd4 Nc6 25. Rd5 fxe4 26. Qxe4 Qa3+ 27. Kd1
Rg6 28. Qf5+ Kb7 29. Re6 Ne7 30. Qe4 Nxd5 31. Qxd5+ Ka7 32. Qc6 Qd6+ 0-1

[Event "13th Asian Continental 2014"]
[Site "Sharjah UAE"]
[Date "2014.04.20"]
[Round "4.23"]
[White "Wan, Yunguo"]
[Black "Igonin, Temur"]
[Result "1-0"]
[WhiteTitle "IM"]
[BlackTitle "FM"]
[WhiteElo "2505"]
[BlackElo "2194"]
[WhiteFideId "8603189"]
[BlackFideId "14203049"]
[EventDate "2014.04.17"]

1. e4 e5 2. Nf3 Nc6 3. d4 exd4 4. Nxd4 Bc5 5. Nb3 Bb6 6. Nc3 d6 7. Qe2 Nge7 8.
Be3 O-O 9. O-O-O f5 10. Kb1 Qe8 11. f3 Be6 12. exf5 Nxf5 13. Bxb6 axb6 14. Re1
Bxb3 15. cxb3 Qxe2 16. Bxe2 Ne3 17. Bc4+ Nxc4 18. bxc4 Ne5 19. b3 Rf7 20. Nd5
Ng6 21. Re4 Raf8 22. Rd1 Nf4 23. Ne3 g5 24. Rd2 Ng6 25. Nd5 Ne5 26. h4 h6 27.
Kc2 Kg7 28. a4 Ng6 29. hxg5 hxg5 30. Rg4 Kh6 31. Re2 Ne5 32. Rg3 Kh5 33. Re1 Nc6
34. Kc3 Rg7 35. f4 Rf5 36. Re8 Kg6 37. b4 Kf7 38. Rc8 Ne7 39. Nxe7 1-0

[Event "13th Asian Continental 2014"]
[Site "Sharjah UAE"]
[Date "2014.04.20"]
[Round "4.24"]
[White "Munkhgal, Gombosuren"]
[Black "Ayyad, Maher"]
[Result "1-0"]
[WhiteTitle "IM"]
[BlackTitle "FM"]
[WhiteElo "2424"]
[BlackElo "2161"]
[WhiteFideId "4901266"]
[BlackFideId "11200235"]
[EventDate "2014.04.17"]

1. d4 d5 2. c4 e6 3. Nc3 Nf6 4. Nf3 c6 5. g3 Nbd7 6. Bg2 Bd6 7. O-O O-O 8. Nd2
Bc7 9. e4 dxe4 10. Ndxe4 Nxe4 11. Nxe4 h6 12. b3 Nf6 13. Bb2 Nxe4 14. Bxe4 Bb6
15. Qd3 Qe7 16. Rad1 Bd7 17. Qc3 Qf6 18. Qc1 Qg5 19. f4 Qg4 20. Bf3 Qg6 21. Kg2
Rad8 22. Ba3 Rfe8 23. Bd6 Rc8 24. Qd2 Bc7 25. Be5 f6 26. Bxc7 Rxc7 27. Qe2 Qf5
28. c5 Qh7 29. Be4 g6 30. Qc2 f5 31. Bd3 g5 32. Qe2 g4 33. Qe5 Bc8 34. Bxf5 1-0

[Event "13th Asian Continental 2014"]
[Site "Sharjah UAE"]
[Date "2014.04.20"]
[Round "4.25"]
[White "Al-Hajiri, Bader"]
[Black "Wang, Yiye"]
[Result "0-1"]
[WhiteElo "2095"]
[BlackElo "2415"]
[WhiteFideId "10300163"]
[BlackFideId "8606021"]
[EventDate "2014.04.17"]

1. e4 e6 2. d4 d5 3. Nc3 Bb4 4. e5 c5 5. a3 Bxc3+ 6. bxc3 Ne7 7. Qg4 Qc7 8. Qxg7
Rg8 9. Qxh7 cxd4 10. Ne2 Nbc6 11. f4 dxc3 12. h4 Bd7 13. h5 O-O-O 14. Qd3 Nf5
15. Rb1 d4 16. Rg1 Nh6 17. g3 Ng4 18. Bh3 Ngxe5 19. fxe5 Nxe5 20. Qe4 Bc6 21.
Qh7 Rh8 22. Qg7 Nf3+ 23. Kf1 Rdg8 24. Qf6 Nxg1 25. Bf4 Qd8 26. Qxd8+ Rxd8 27.
Kxg1 Rxh5 28. Bg4 Rh1+ 0-1

[Event "13th Asian Continental 2014"]
[Site "Sharjah UAE"]
[Date "2014.04.20"]
[Round "4.27"]
[White "Chahrour, Ibrahim"]
[Black "Akshat, Khamparia"]
[Result "0-1"]
[WhiteTitle "FM"]
[BlackTitle "IM"]
[WhiteElo "2079"]
[BlackElo "2374"]
[WhiteFideId "5301653"]
[BlackFideId "5016541"]
[EventDate "2014.04.17"]

1. e4 c5 2. c3 g6 3. d4 cxd4 4. cxd4 d5 5. exd5 Nf6 6. Nc3 Bg7 7. Bc4 O-O 8. Nf3
Nbd7 9. O-O Nb6 10. Bb3 Nbxd5 11. Re1 b6 12. Ne5 Bb7 13. Bg5 h6 14. Bxf6 Bxf6
15. Qf3 e6 16. Nxg6 fxg6 17. Rxe6 Bg7 18. Bxd5 Rxf3 19. Re8+ Kh7 20. Rxd8 Rxd8
21. Bxf3 Bxf3 22. gxf3 Rxd4 23. Re1 Rd7 24. Re2 g5 25. Ne4 a5 26. b3 b5 27. Nc5
Rd5 28. Ne6 Re5 29. Nf8+ Kg8 30. Rxe5 Bxe5 31. Nd7 Bd4 32. Nb8 Kf7 33. Nc6 Bb6
34. Ne5+ Ke6 35. Ng4 Kd5 36. Kf1 Kd4 37. Ke2 Kc3 38. Nf6 Kb2 39. Kd3 Kxa2 40.
Kc2 Bxf2 41. Ne4 Bd4 42. Ng3 b4 43. Ne4 Be3 44. Kd3 Bf4 45. Kc4 Bxh2 46. Nc5 Bc7
47. Kd5 Bb6 48. Kd4 0-1

[Event "13th Asian Continental 2014"]
[Site "Sharjah UAE"]
[Date "2014.04.20"]
[Round "4.28"]
[White "Al-Takrori, Husam"]
[Black "Darini, Pouria"]
[Result "1-0"]
[BlackTitle "GM"]
[WhiteElo "2097"]
[BlackElo "2471"]
[WhiteFideId "11501200"]
[BlackFideId "12502200"]
[EventDate "2014.04.17"]

1. d4 Nf6 2. c4 g6 3. Nc3 d5 4. cxd5 Nxd5 5. e4 Nxc3 6. bxc3 Bg7 7. Qa4+ c6 8.
Nf3 O-O 9. Bg5 Nd7 10. Rc1 h6 11. Be3 b5 12. Qc2 Bb7 13. Bd3 e6 14. e5 c5 15.
Be4 Bxe4 16. Qxe4 cxd4 17. Bxd4 Qa5 18. O-O Qxa2 19. c4 bxc4 20. Ra1 Qb3 21.
Rfb1 Qd3 22. Qxd3 cxd3 23. Rd1 Rfd8 24. Ra3 Bf8 25. Raxd3 Nb6 26. Kf1 Nd5 27.
Ba1 Rab8 28. Nd4 Rdc8 29. Rb3 Bb4 30. Bb2 a5 31. Ba3 a4 32. Rh3 Nc3 33. Rc1 Bxa3
34. Rcxc3 Rxc3 35. Rxc3 Bb2 36. Rc4 a3 37. Nc2 a2 38. Ra4 Rc8 39. Rxa2 Rxc2 40.
f4 g5 1-0

[Event "13th Asian Continental 2014"]
[Site "Sharjah UAE"]
[Date "2014.04.20"]
[Round "4.29"]
[White "Nezad, Husein Aziz"]
[Black "Al Mutairi, Hassan S"]
[Result "1-0"]
[WhiteTitle "IM"]
[WhiteElo "2366"]
[BlackElo "2106"]
[WhiteFideId "12100293"]
[BlackFideId "21500193"]
[EventDate "2014.04.17"]

1. Nf3 d5 2. d4 Bf5 3. c4 e6 4. Nc3 c6 5. Qb3 Qb6 6. c5 Qc7 7. Bf4 Qc8 8. e3 Nf6
9. h3 Nbd7 10. Be2 Be7 11. O-O Bd8 12. Qd1 Bc7 13. b4 Bxf4 14. exf4 O-O 15. Rc1
a6 16. Qd2 Ne4 17. Qe3 Re8 18. Rfe1 Qc7 19. Bf1 Qd8 20. g3 h6 21. Kh2 Ndf6 22.
Na4 Nd7 23. Be2 f6 24. Nh4 Bh7 25. f3 g5 26. Ng2 gxf4 27. gxf4 e5 28. fxe4 Bxe4
29. fxe5 fxe5 30. Qxh6 exd4 31. Rg1 Kf7 32. Bh5+ 1-0

[Event "13th Asian Continental 2014"]
[Site "Sharjah UAE"]
[Date "2014.04.20"]
[Round "4.30"]
[White "Abdulkarim, Ali"]
[Black "Khader, Sami"]
[Result "0-1"]
[BlackTitle "IM"]
[WhiteElo "1927"]
[BlackElo "2356"]
[WhiteFideId "9301640"]
[BlackFideId "8100500"]
[EventDate "2014.04.17"]

1. d4 Nf6 2. Bg5 d5 3. Bxf6 exf6 4. e3 c6 5. c3 Bd6 6. Nf3 O-O 7. Bd3 Re8 8.
Nbd2 Nd7 9. Qc2 Nf8 10. O-O g6 11. e4 dxe4 12. Nxe4 Bc7 13. Rfe1 Bg4 14. Ned2
Qd6 15. Re3 Rxe3 16. fxe3 Kg7 17. Nc4 Qe7 18. Qf2 a5 19. Ncd2 a4 20. a3 Ra5 21.
Bc2 Be6 22. Bd3 Rh5 23. Bc2 Rb5 24. Bxa4 Rxb2 25. Qe1 b5 26. Bd1 Ba5 27. Ne4 Nd7
28. Ng3 Nb6 29. e4 Ba2 30. Qe3 Nc4 31. Qf4 Bc7 32. e5 fxe5 33. Qg4 Ne3 0-1

[Event "13th Asian Continental 2014"]
[Site "Sharjah UAE"]
[Date "2014.04.20"]
[Round "4.31"]
[White "Al-Hadarani, Hatim"]
[Black "khayat, Abdullah F"]
[Result "1-0"]
[WhiteTitle "FM"]
[WhiteElo "2249"]
[BlackElo "1716"]
[WhiteFideId "9400273"]
[BlackFideId "21500460"]
[EventDate "2014.04.17"]

1. c4 c6 2. e4 e6 3. d4 g6 4. Nc3 Bg7 5. Nf3 d5 6. cxd5 cxd5 7. exd5 exd5 8.
Bb5+ Nc6 9. O-O Ne7 10. Bg5 O-O 11. Re1 f6 12. Be3 Bf5 13. Rc1 a6 14. Bf1 Qd6
15. Na4 Rfe8 16. h3 h5 17. g3 Kf7 18. Nc5 Ra7 19. Nh4 g5 20. Qxh5+ Bg6 21. Nxg6
Nxg6 22. Bd3 Ne7 23. Bxg5 b6 24. Bxg6+ Nxg6 25. Rxe8 bxc5 26. Bf4 Qb6 27. dxc5
Qc6 28. Rce1 Qxc5 29. Be3 Qc7 30. Bxa7 Qxa7 31. Qxd5# 1-0

[Event "13th Asian Continental 2014"]
[Site "Sharjah UAE"]
[Date "2014.04.21"]
[Round "5.1"]
[White "Adhiban, Baskaran"]
[Black "Ghaem Maghami, Ehsan"]
[Result "1/2-1/2"]
[WhiteTitle "GM"]
[BlackTitle "GM"]
[WhiteElo "2609"]
[BlackElo "2556"]
[WhiteFideId "5018471"]
[BlackFideId "12500739"]
[EventDate "2014.04.17"]

1. e4 e5 2. Nf3 Nc6 3. Bb5 a6 4. Ba4 Nge7 5. Bb3 d5 6. exd5 Nxd5 7. O-O Be6 8.
d3 Be7 9. Re1 Bf6 10. Nbd2 O-O 11. Ne4 h6 12. h3 Re8 13. Nc5 Na5 14. Ba4 b5 15.
Bd2 bxa4 16. Bxa5 Nf4 17. Bd2 a3 18. bxa3 Bd5 19. Ne4 Ng6 20. Nh2 Be7 21. Qh5
Bxa3 22. Ng4 Re6 23. g3 Bf8 24. Rad1 Rb8 25. Bc3 Bb4 26. Bxb4 Rxb4 27. Ne3 Ba8
28. Qg4 a5 29. Nf5 Qf8 30. c3 Rb8 31. Rb1 Rd8 32. Rb5 a4 33. Ra5 Bc6 34. Ra7
Rxd3 35. h4 Qb8 36. Ra5 Qb6 37. h5 Qxa5 38. hxg6 Rxg6 39. Ne7+ Kh7 40. Nxg6 fxg6
41. Ng5+ hxg5 42. Qh3+ Kg8 43. Qe6+ Kf8 44. Qxc6 Qxc3 45. Qe4 Qd4 46. Qxe5 Qxe5
47. Rxe5 Rd2 48. Rc5 Rxa2 49. Rxc7 a3 50. Ra7 g4 51. Kg2 g5 52. Kg1 Ke8 53. Kg2
g6 54. Kg1 Kd8 55. Kf1 Kc8 56. Kg2 Kb8 57. Ra4 Kb7 58. Rb4+ Kc6 59. Rb3 Ra1 60.
Rc3+ Kb5 61. Re3 Kc4 62. Re4+ Kc3 63. Re3+ Kc2 64. Re2+ Kd3 65. Re3+ Kd4 66. Rb3
Ra2 67. Re3 Ra1 68. Rb3 Kc5 69. Re3 Kc4 70. Re4+ Kc5 71. Re3 Kd4 1/2-1/2

[Event "13th Asian Continental 2014"]
[Site "Sharjah UAE"]
[Date "2014.04.21"]
[Round "5.3"]
[White "Bu, Xiangzhi"]
[Black "Salem, A.R. Saleh"]
[Result "1/2-1/2"]
[WhiteTitle "GM"]
[BlackTitle "GM"]
[WhiteElo "2699"]
[BlackElo "2561"]
[WhiteFideId "8601445"]
[BlackFideId "9301348"]
[EventDate "2014.04.17"]

1. Nf3 Nf6 2. c4 b6 3. d4 Bb7 4. Nc3 e6 5. a3 d5 6. cxd5 Nxd5 7. e3 Be7 8. Bb5+
c6 9. Bd3 O-O 10. e4 Nxc3 11. bxc3 c5 12. O-O cxd4 13. cxd4 Nc6 14. Be3 Rc8 15.
Qe2 Na5 16. a4 Nc6 17. Ba6 Bxa6 18. Qxa6 Nb4 19. Qxa7 Ra8 20. Qb7 Rb8 21. Qa7
Ra8 22. Qb7 Rb8 1/2-1/2

[Event "13th Asian Continental 2014"]
[Site "Sharjah UAE"]
[Date "2014.04.21"]
[Round "5.4"]
[White "Gopal, G.N."]
[Black "Kasimdzhanov, Rustam"]
[Result "0-1"]
[WhiteTitle "GM"]
[BlackTitle "GM"]
[WhiteElo "2553"]
[BlackElo "2693"]
[WhiteFideId "5015693"]
[BlackFideId "14200244"]
[EventDate "2014.04.17"]

1. e4 e5 2. Nf3 Nc6 3. Bb5 a6 4. Ba4 Nf6 5. O-O Be7 6. d3 b5 7. Bb3 O-O 8. Nc3
d6 9. a3 Na5 10. Ba2 Be6 11. Bg5 Nc6 12. Bxf6 Bxf6 13. Nd5 Rb8 14. c3 g6 15.
Nxf6+ Qxf6 16. Bxe6 Qxe6 17. b4 f5 18. Nd2 Kg7 19. a4 Rbe8 20. Qc2 Qd7 21. Rae1
Nd8 22. axb5 axb5 23. d4 fxe4 24. Nxe4 exd4 25. cxd4 Qc6 26. Qd3 Qc4 27. Qxc4
bxc4 28. d5 Nf7 29. Nc3 Ne5 30. Re4 g5 31. h4 h6 32. Nb5 Rf7 33. Nd4 Kg6 34. f3
Rf4 35. hxg5 Rxe4 36. fxe4 hxg5 37. Ne6 Nd3 38. Nxc7 Rb8 39. Ne6 Rxb4 40. Nd4 c3
41. Nc2 Rb2 42. Rf3 Rxc2 43. Rxd3 Kf6 44. Rd4 Ke5 45. Rc4 Kf4 46. Kh2 g4 47. Ra4
Re2 48. Rc4 c2 0-1

[Event "13th Asian Continental 2014"]
[Site "Sharjah UAE"]
[Date "2014.04.21"]
[Round "5.5"]
[White "Nguyen, Ngoc Truong Son"]
[Black "Rahman, Ziaur"]
[Result "0-1"]
[WhiteTitle "GM"]
[BlackTitle "GM"]
[WhiteElo "2621"]
[BlackElo "2513"]
[WhiteFideId "12401110"]
[BlackFideId "10200037"]
[EventDate "2014.04.17"]

1. d4 d5 2. c4 e6 3. Nc3 Bb4 4. cxd5 exd5 5. a3 Bxc3+ 6. bxc3 c5 7. e3 Nc6 8.
Bd3 Nge7 9. Ne2 c4 10. Bc2 Bf5 11. a4 Qd7 12. Ba3 O-O-O 13. a5 Bxc2 14. Qxc2 h5
15. Qa4 a6 16. e4 Ng6 17. O-O h4 18. f3 f5 19. Bc5 h3 20. g3 fxe4 21. fxe4 Qg4
22. Rae1 dxe4 23. Qxc4 Nh4 24. Rf4 Nf3+ 25. Kh1 Qg6 26. Ra1 Nd2 27. Qf7 Qxf7 28.
Rxf7 Nb3 29. Rb1 Nxc5 30. dxc5 Rd2 31. Nd4 e3 32. Ne6 Rd7 33. Rxd7 Kxd7 34. Nd4
Nxd4 35. cxd4 Kc6 36. Kg1 Rf8 37. Rb6+ Kd5 38. Rxb7 Kxd4 39. c6 e2 40. Rb1 Rb8
41. Ra1 Rf8 42. c7 Kc3 43. Rb1 Kd2 44. Rb2+ Kd3 45. Rb1 Rc8 46. Kf2 Rxc7 47.
Rb3+ Kd2 48. Rb2+ Rc2 49. Rb1 Ra2 50. g4 g5 51. Re1 Kd3 52. Rb1 e1=Q+ 53. Kxe1
Rxh2 54. Rb3+ Ke4 55. Kf1 Kf4 56. Kg1 Rg2+ 57. Kh1 Ra2 58. Rxh3 Rxa5 59. Rc3 Ra2
60. Kg1 Kxg4 61. Rc4+ Kh5 62. Rc6 g4 63. Rc5+ Kh4 64. Rc3 a5 0-1

[Event "13th Asian Continental 2014"]
[Site "Sharjah UAE"]
[Date "2014.04.21"]
[Round "5.6"]
[White "Wen, Yang"]
[Black "Al-Sayed, Mohammed"]
[Result "1/2-1/2"]
[WhiteTitle "GM"]
[BlackTitle "GM"]
[WhiteElo "2581"]
[BlackElo "2502"]
[WhiteFideId "8602956"]
[BlackFideId "12100196"]
[EventDate "2014.04.17"]

1. Nf3 Nf6 2. c4 g6 3. g3 Bg7 4. Bg2 c5 5. d4 cxd4 6. Nxd4 O-O 7. Nc3 Qc7 8. Nd5
Nxd5 9. cxd5 d6 10. O-O Nd7 11. Be3 Nf6 12. h3 Bd7 13. Qd2 Rac8 14. a4 a6 15. a5 1/2-1/2

[Event "13th Asian Continental 2014"]
[Site "Sharjah UAE"]
[Date "2014.04.21"]
[Round "5.7"]
[White "Vishnu Prasanna, V"]
[Black "Jumabayev, Rinat"]
[Result "0-1"]
[WhiteTitle "GM"]
[BlackTitle "GM"]
[WhiteElo "2465"]
[BlackElo "2580"]
[WhiteFideId "5030692"]
[BlackFideId "13702661"]
[EventDate "2014.04.17"]

1. e4 e5 2. Nf3 Nc6 3. Bb5 Nf6 4. d3 Bc5 5. Bxc6 dxc6 6. Nbd2 O-O 7. O-O Nd7 8.
Nc4 Re8 9. Kh1 Bd6 10. a4 c5 11. a5 Nb8 12. Bg5 f6 13. Be3 Nc6 14. Nh4 Bf8 15.
g3 Be6 16. b3 b6 17. Bd2 Qd7 18. Ne3 b5 19. Bc3 Nd4 20. f4 exf4 21. gxf4 Rad8
22. Rg1 Qc6 23. Bxd4 cxd4 24. Nef5 Bxf5 25. Nxf5 g6 26. Rg2 Kh8 27. Nh4 Rd7 28.
f5 g5 29. Qh5 Rg7 30. Nf3 Rd8 31. h4 g4 32. Rxg4 Qxc2 33. Rag1 Qxd3 34. Rxg7
Bxg7 35. Qg4 Bh6 36. e5 Qe3 37. e6 d3 38. Re1 Qc5 39. e7 Re8 40. Qh5 Qc6 41. Re6
d2 42. Rxc6 d1=Q+ 43. Kg2 Qe2+ 44. Kh1 Rg8 0-1

[Event "13th Asian Continental 2014"]
[Site "Sharjah UAE"]
[Date "2014.04.21"]
[Round "5.8"]
[White "Sethuraman, S.P."]
[Black "Chu, Wei Chao"]
[Result "1-0"]
[WhiteTitle "GM"]
[WhiteElo "2576"]
[BlackElo "2315"]
[WhiteFideId "5021596"]
[BlackFideId "8605661"]
[EventDate "2014.04.17"]

1. e4 c5 2. Nf3 d6 3. d4 cxd4 4. Nxd4 Nf6 5. Nc3 a6 6. Bg5 Nbd7 7. Qe2 e6 8. f4
Qc7 9. O-O-O b5 10. a3 Rb8 11. f5 Ne5 12. Bxf6 gxf6 13. Qh5 Qc5 14. Kb1 Nc4 15.
Be2 Nxa3+ 16. bxa3 Qxc3 17. Rd3 Qc4 18. Nxe6 Bxe6 19. fxe6 Qxe6 20. Bg4 Qe5 21.
Qh3 b4 22. a4 Be7 23. Bd7+ Kd8 24. Bc6 f5 25. Rhd1 Kc7 26. Bd5 Bf6 27. Rd4 fxe4
28. Bxe4 Qxd4 29. Rxd4 Bxd4 30. Qd3 Bc5 31. Qxa6 b3 32. Qc6+ Kd8 33. cxb3 Rxb3+
34. Kc2 Rb8 35. a5 Ke7 36. Qc7+ Kf6 37. Bd5 Rhf8 38. a6 Rbe8 39. Qa5 Re2+ 40.
Kd1 Rfe8 41. Qc3+ R2e5 42. Bc4 Re7 43. Qg3 h6 44. Qg8 Re3 45. Qh7 Ke5 46. Qg7+
Ke4 47. Qg4+ Ke5 48. Qg7+ Ke4 49. Qf6 d5 50. Qc6 Kd4 51. Qxd5+ Kc3 52. Be2 Ba7
53. Qc4+ Kb2 54. Qb4+ Ka1 55. Kc1 1-0

[Event "13th Asian Continental 2014"]
[Site "Sharjah UAE"]
[Date "2014.04.21"]
[Round "5.12"]
[White "Vakhidov, Jahongir"]
[Black "Ganguly, Surya Shekhar"]
[Result "1/2-1/2"]
[WhiteTitle "IM"]
[BlackTitle "GM"]
[WhiteElo "2472"]
[BlackElo "2631"]
[WhiteFideId "14201801"]
[BlackFideId "5002150"]
[EventDate "2014.04.17"]

1. d4 Nf6 2. c4 e6 3. Nc3 Bb4 4. Qc2 O-O 5. Nf3 d6 6. e3 b6 7. Bd3 Bb7 8. e4 e5
9. O-O Bxc3 10. bxc3 Re8 11. Re1 h6 12. Nd2 Nc6 13. d5 Ne7 14. a4 a5 15. c5 dxc5
16. c4 Ng6 17. Bb2 Bc8 18. Bf1 Nh7 19. Qc3 Qg5 20. g3 h5 21. f4 Qh6 22. f5 Ngf8
23. Nf3 Ng5 24. Bc1 Nxf3+ 25. Qxf3 Qh7 26. h3 f6 27. Be2 Kf7 28. Rf1 Rd8 29. Kg2
Rd6 30. Qxh5+ Qxh5 31. Bxh5+ g6 32. Be2 Bd7 33. g4 g5 34. h4 Nh7 35. hxg5 Nxg5
36. Bxg5 fxg5 37. Rh1 Rg8 38. Bd1 Be8 39. Ra3 Kf8 40. Rah3 Bf7 41. Rh7 Rf6 42.
Kg3 Rd6 43. Bc2 Rf6 44. Rh8 Rxh8 1/2-1/2

[Event "13th Asian Continental 2014"]
[Site "Sharjah UAE"]
[Date "2014.04.21"]
[Round "5.13"]
[White "Gupta, Abhijeet"]
[Black "Dao, Thien Hai"]
[Result "1/2-1/2"]
[WhiteTitle "GM"]
[BlackTitle "GM"]
[WhiteElo "2630"]
[BlackElo "2490"]
[WhiteFideId "5010608"]
[BlackFideId "12400084"]
[EventDate "2014.04.17"]

1. d4 d5 2. c4 c6 3. Nf3 Nf6 4. Nc3 e6 5. Bg5 h6 6. Bxf6 Qxf6 7. e3 Nd7 8. Bd3
dxc4 9. Bxc4 g6 10. O-O Bg7 11. e4 e5 12. d5 O-O 13. h3 Nb6 14. Bb3 Bd7 15. a4
a5 16. Re1 Rfd8 17. Re3 Be8 18. Nd2 Bf8 19. Rf3 Qh4 20. Qe2 Bc5 21. Nc4 Nxc4 22.
Qxc4 Qe7 23. Rd1 Rac8 24. Qe2 Kg7 25. Rfd3 Rd6 26. Rf3 Rf6 27. Rxf6 Qxf6 28. Rd3
Rd8 29. Qc2 Bb6 30. Bc4 Rd6 31. Rf3 Qe7 32. Qb3 Bc5 33. Nd1 Rf6 34. Rxf6 Kxf6
35. dxc6 Bxc6 36. Bd5 Kg7 37. Bxc6 bxc6 38. Qc2 Qd6 39. Nc3 Qd4 40. Na2 Ba7 41.
Nc1 h5 42. h4 Kg8 43. g3 Kg7 44. Kg2 Bb6 45. Na2 Ba7 46. Nc3 Qc4 47. b3 Qc5 48.
Kf1 Bb6 49. Ke1 Ba7 50. Kf1 Bb6 51. Kg2 Ba7 52. Qd2 Qb4 53. Qc2 Qc5 1/2-1/2

[Event "13th Asian Continental 2014"]
[Site "Sharjah UAE"]
[Date "2014.04.21"]
[Round "5.14"]
[White "Kunte, Abhijit"]
[Black "Lalith, Babu M.R."]
[Result "1-0"]
[WhiteTitle "GM"]
[BlackTitle "GM"]
[WhiteElo "2470"]
[BlackElo "2594"]
[WhiteFideId "5002265"]
[BlackFideId "5024595"]
[EventDate "2014.04.17"]

1. d4 Nf6 2. c4 e6 3. Nf3 b6 4. g3 Ba6 5. Qc2 Bb4+ 6. Nbd2 O-O 7. Bg2 Bb7 8. O-O
c5 9. a3 Bxd2 10. Qxd2 d6 11. Rd1 Nbd7 12. dxc5 Nxc5 13. Qc2 Qe7 14. Bf4 e5 15.
Bg5 Rac8 16. Nh4 Bxg2 17. Nxg2 Ne6 18. Bxf6 Qxf6 19. Qd3 Nd4 20. Rac1 Qg6 21.
Qxg6 hxg6 22. Kf1 Rc6 23. Ne3 Rfc8 24. Rc3 b5 25. Nd5 Kf8 26. e3 Nf3 27. cxb5
Rc5 28. Ke2 Ng5 29. Rdc1 Ne4 30. Rxc5 dxc5 31. b6 axb6 32. Nxb6 Rd8 33. f3 1-0

[Event "13th Asian Continental 2014"]
[Site "Sharjah UAE"]
[Date "2014.04.21"]
[Round "5.15"]
[White "Batchuluun, Tsegmed"]
[Black "Munkhgal, Gombosuren"]
[Result "1/2-1/2"]
[WhiteTitle "GM"]
[BlackTitle "IM"]
[WhiteElo "2521"]
[BlackElo "2424"]
[WhiteFideId "4900847"]
[BlackFideId "4901266"]
[EventDate "2014.04.17"]

1. Nf3 Nf6 2. c4 e6 3. g3 d5 4. Bg2 d4 5. O-O c5 6. b4 a5 7. bxc5 Bxc5 8. d3 h6
9. Ba3 Qd6 10. Bxc5 Qxc5 11. Nbd2 a4 12. Rb1 Nc6 13. Rb5 Qe7 14. Ne5 Nxe5 15.
Rxe5 O-O 16. Rb5 Qc7 17. Qb1 Ra7 18. Qb2 e5 19. Rb1 Bg4 20. Kf1 Rb8 21. Bxb7 Bd7
22. Rb6 a3 23. Qb4 Ra4 24. Qb3 Bh3+ 25. Bg2 Rxb6 26. Qxb6 Bxg2+ 27. Kxg2 Qxb6
28. Rxb6 Nd7 29. Rb5 Kf8 30. Nb1 Ke7 31. Kf3 Kd6 32. Nd2 f5 33. e4 Nc5 34. Ke2
fxe4 35. dxe4 Ra7 36. f3 Na4 37. Nb1 Nb2 38. Rd5+ Kc6 39. f4 Nxc4 40. fxe5 Rb7
41. Kd3 Nxe5+ 42. Rxe5 Rxb1 43. Ra5 Rd1+ 44. Kc4 d3 45. Ra6+ Kc7 46. Rxa3 d2 47.
Kd3 Rh1 48. Kxd2 Rxh2+ 49. Ke3 g5 50. Kd4 h5 51. Ke5 Rh3 52. Kf5 h4 53. Kg4 Rh2
54. Kxg5 hxg3 55. Rxg3 Kd6 56. Kf4 Rf2+ 57. Rf3 Rxa2 58. Kf5 Ke7 59. Rb3 Ra5+
60. e5 Ra6 61. Rh3 Rb6 62. Rh8 Ra6 63. Rh7+ Ke8 64. Rg7 Rb6 65. Ra7 Rc6 66. Ke4
Rb6 67. Kd5 Rh6 68. Ra8+ Ke7 69. Rb8 Rg6 70. Rb7+ Ke8 71. Ra7 Rh6 72. Ra8+ Ke7
73. Ra7+ Ke8 74. Ra8+ Ke7 1/2-1/2

[Event "13th Asian Continental 2014"]
[Site "Sharjah UAE"]
[Date "2014.04.21"]
[Round "5.16"]
[White "Wang, Chen"]
[Black "Wang, Yiye"]
[Result "1/2-1/2"]
[WhiteTitle "IM"]
[WhiteElo "2513"]
[BlackElo "2415"]
[WhiteFideId "8601020"]
[BlackFideId "8606021"]
[EventDate "2014.04.17"]

1. d4 d5 2. c4 c6 3. Nf3 Nf6 4. Qc2 e6 5. Bg5 Nbd7 6. cxd5 exd5 7. e3 Be7 8. Bd3
Nf8 9. O-O Ne6 10. Bh4 g6 11. Nc3 O-O 12. Rab1 a5 13. a3 Ng7 14. b4 axb4 15.
axb4 Bf5 16. b5 Bxd3 17. Qxd3 Nf5 18. Bxf6 Bxf6 19. bxc6 bxc6 20. Rfc1 Ra3 21.
Qc2 Qa8 22. Rb6 Bd8 23. Rb2 Bf6 24. Rb6 Bd8 25. Rb3 Rxb3 26. Qxb3 Bc7 27. Qc2
Bd6 28. e4 dxe4 29. Nxe4 Bf4 30. Re1 Qa5 1/2-1/2

[Event "13th Asian Continental 2014"]
[Site "Sharjah UAE"]
[Date "2014.04.21"]
[Round "5.17"]
[White "Gundavaa, Bayarsaikhan"]
[Black "Abdyjapar, Asyl"]
[Result "1-0"]
[WhiteTitle "GM"]
[BlackTitle "IM"]
[WhiteElo "2507"]
[BlackElo "2406"]
[WhiteFideId "4901045"]
[BlackFideId "13800337"]
[EventDate "2014.04.17"]

1. e4 d5 2. exd5 Qxd5 3. Nc3 Qa5 4. d4 Nf6 5. Nf3 c6 6. Bc4 Bf5 7. Bd2 e6 8. Nd5
Qd8 9. Nxf6+ Qxf6 10. Qe2 Nd7 11. O-O-O Bg4 12. h4 h6 13. Qe4 Bf5 14. Qf4 O-O-O
15. Bb3 h5 16. Qg3 Qg6 17. Qxg6 Bxg6 18. Bf4 Be4 19. Ng5 Bg6 20. Nf3 Be4 21. Ng5
Bg6 22. Rhe1 Nf6 23. c3 Ng4 24. Rd2 Be7 25. g3 Rhf8 26. f3 Nh6 27. Rde2 Rd7 28.
Ne4 b6 29. Bg5 Bxg5+ 30. Nxg5 Bf5 31. Rg1 Rfd8 32. Reg2 Rh8 33. Re1 Kc7 34. Bd1
c5 35. dxc5 bxc5 36. Ba4 Rdd8 37. Bb3 Rd7 38. Ba4 Rdd8 39. Bb5 Kb6 40. Bc4 Rd7
41. Rd1 Rxd1+ 42. Kxd1 Bg6 43. Rd2 Kc7 44. Bd3 Bxd3 45. Rxd3 Kc6 46. Kc2 Re8 47.
b4 cxb4 48. cxb4 f6 49. Ne4 Nf5 50. a4 e5 51. b5+ Kb6 52. Nd6 Nxd6 53. Rxd6+ Kc7
54. Rc6+ Kb8 55. Kd3 Rd8+ 56. Kc3 Rd1 57. Kb4 Rd3 58. Rc3 Rd4+ 59. Ka5 Kb7 60.
Rc6 Rd3 61. Re6 Rxf3 62. Re7+ Kb8 63. Ka6 Rxg3 64. a5 g5 65. hxg5 fxg5 66. Re8+
Kc7 67. Kxa7 h4 68. b6+ Kd7 69. Rg8 h3 70. b7 h2 71. Rh8 Rb3 72. b8=Q Rxb8 73.
Kxb8 1-0